Matemáticas : (Record no. 37168)

MARC details
000 -CABECERA
campo de control de longitud fija 00608nam a2200205 a 4500
005 - FECHA Y HORA DE LA ÚLTIMA TRANSACCIÓN
campo de control 20220524063626.0
008 - ELEMENTOS DE LONGITUD FIJA--INFORMACIÓN GENERAL
campo de control de longitud fija 991125s1978 mx 000 0 spa u
020 ## - NÚMERO INTERNACIONAL NORMALIZADO PARA LIBROS
Número Internacional Estándar del Libro 9684200129
035 ## - NÚMERO DE CONTROL DEL SISTEMA
Número de control de sistema UPN01000037168
049 ## - COLECCIÓN
Colección LT
050 #4 - SIGNATURA TOPOGRÁFICA DE LA BIBLIOTECA DEL CONGRESO
Número de clasificación LB1645 M6.1
Número de documento/Ítem P4.4a 1978
100 1# - ASIENTO PRINCIPAL--NOMBRE PERSONAL
Nombre de persona Pérez Castillo, Habacuc
9 (RLIN) 28612
245 10 - MENCIÓN DE TÍTULO
Título Matemáticas :
Resto del título primer curso /
Mención de responsabilidad, etc. Habacuc Pérez Castillo
260 ## - PUBLICACIÓN, DISTRIBUCIÓN, ETC.
Lugar de publicación, distribución, etc. México :
Nombre del editor, distribuidor, etc. Herrero,
Fecha de publicación, distribución, etc. 1978
300 ## - DESCRIPCIÓN FÍSICA
Extensión 253 p. :
Otras características físicas il.
500 ## - NOTA GENERAL
Nota general "Para la educación media"
650 #4 - ASIENTO SECUNDARIO DE MATERIA - TERMINO TEMATICO
Término de materia o nombre geográfico como elemento de entrada Matemáticas
Subdivisión general Estudio y enseñanza (Secundaria)
9 (RLIN) 4860
904 ## - ELEMENTOS DE DATOS D LOCAL, LDD (RLIN)
a AC
b 037169
905 ## - TIPO DE MATERIAL
Tipo de material Libro
Holdings
Estado de retiro Estado de pérdida Fuente del sistema de clasificación o colocación Estado dañado No para préstamo Código de colección Localización permanente Ubicación/localización actual Ubicación en estantería Fecha de adquisición Enumeración/cronología de publicación seriada Clasificación Código de barras Fecha visto por última vez Número de copia Tipo de ítem Koha
    Library of Congress Classification   Disponible (Préstamo en sala) Libros de texto Bib. Gregorio Torres Quintero Bib. Gregorio Torres Quintero Colecciones especiales Planta alta 25/05/2023 - LB1645 M6.1 P4.4a 1978 33275 31/12/2020 1 Libro